Factions jouables: Rome Total War Barbarian invasions - Statistiques

Statistiques générales
  • Ce quiz a été pris 27 fois
  • Le résultat moyen est 12 sur 20
Statistiques - réponses
Réponses % Correct
Francs
96%
Goths
92%
Huns
92%
Rebelles de l'Empire Romain d'Orient
75%
Empire Romain d'Occident
71%
Empire Romain d'Orient
71%
Rebelles de l'Empire Romain d'Occident
71%
Vandales
71%
Ostrogoths
67%
Sassanides
67%
Saxons
67%
Burgondes
58%
Berbères
50%
Lombards
50%
Alamans
46%
Celtes
42%
Roxolans
42%
Britto-Romains
38%
Slaves
33%
Sarmathes
4%
Aucun quiz correspondant
Distribution des résultats
% des personnes avec chaque résultat
Percentile par nombre de réponses
Votre historique - résultats
Vous n’avez pas pris ce quiz